000 00954nam a2200289 a 4500
001 000012555
003 DO-SdBNP
005 20250711082240.0
007 ta
008 091113s1997 dr a 000 j spa d
040 _aDO-SdBNP
_bspa
_cBNPHU
_erda
041 _hspa
082 _aRD863.44
_bL791s
_222
100 1 _aLlibre Otero, Manuel F.,
_d1966-
_eautor
_923178
245 1 0 _aSerie de senos /
_cManuel F. Llibre Otero.
264 _aSantiago de los Caballeros :
_bCírculo de Escritores de Santiago,
_c1997.
300 _a116 páginas :
_bilustracion ;
_c22 cm.
336 _atexto
_btxt
_2rdacontent
337 _asin mediación
_bn
_2rdamedia
338 _avolumen
_bnc
_2rdacarrier
500 _aIncluye breve biografía del autor en las solapas.
590 _aInventariado, 2020/YL
650 0 _aCuentos dominicanos
_9176
650 0 _aLiteratura dominicana.
_967
910 _aYLockward/ Validado. Control de calidad MFF
942 _2ddc
_cLBS1
999 _c12210
_d12210